La rebelión del instante /

Guardado en:
Autor Principal: Bellessi, Diana
Formato: Libro
Publicado: Buenos Aires : Adriana Hidalgo Editora, 2014
Series:Colección Juan gelman
Materias:
Etiquetas: Agregar Etiqueta
Sin Etiquetas, Sea el primero en etiquetar este registro!
LEADER 01061nam a22002895a 4500
001 CEM.cems014847
008 130507s2014##################000#0#####d
005 20220208104304.0
003 CEMS
245 1 0 |a La rebelión del instante /  |c Diana Bellessi 
260 |a Buenos Aires :  |b Adriana Hidalgo Editora,  |c 2014 
300 |a 176 p. 
490 0 |a Colección Juan gelman 
500 |a Edición especial del Ministerio de Educación de la Nación 
505 0 |a Desobediencia civil -- Ni un minuto fuera de casa -- Notas del presente -- Desde el ventanal -- Cuando canta el gallo 
020 |a 9789871923823 
100 1 |a Bellessi, Diana 
082 0 4 |a A861.4 
653 |a Literatura 
653 |a Literatura argentina 
653 |a Poesía 
653 |a Poesía argentina 
653 |a Biblioteca Juan Gelman 
653 |a Colección Juan Gelman 
859 |a CEMS  |b BIB. CEMS - 11 de abril  |h A861.4  |i B416  |p 27489.18  |t Ej.1 
859 |a CEMS  |b BIB. CEMS - Agricultura  |h A861.4  |i B416  |p A2256.15  |t Ej.1 
859 |a CEMS  |b BIB. CEMS - 11 de abril  |h A861.4  |i B416  |p 27794.19  |t Ej.2